logo

Bir Sreshtho Munshi Abdur Rouf Library
Jhenaidah Cadet College

হুমায়ূন আজাদ আমার বাবা / (Record no. 2376)

MARC details
000 -LEADER
fixed length control field 00656nam a2200229 a 4500
001 - CONTROL NUMBER
JCCL Control Number 2376
003 - CONTROL NUMBER IDENTIFIER
JCCL marc code BD-JhCC
005 - DATE AND TIME OF LATEST TRANSACTION
control field 20171101175557.0
008 - FIXED-LENGTH DATA ELEMENTS--GENERAL INFORMATION
fixed length control field 171101s2011 bg |||| ||a| 000 0 ben d
020 ## - INTERNATIONAL STANDARD BOOK NUMBER
International Standard Book Number 9789840413805
035 ## - SYSTEM CONTROL NUMBER
system control number (BD-JhCC)2376
040 ## - CATALOGING SOURCE
Original cataloging agency BD-JhCC
Modifying agency BD-JhCC
041 ## - LANGUAGE CODE
Language code of Book ben
082 ## - DEWEY DECIMAL CLASSIFICATION NUMBER
Classification number 923.1
Author mark and Year AZA 2011
100 ## - MAIN ENTRY--PERSONAL NAME
Personal name আজাদ, মৌলি
245 ## - TITLE STATEMENT
Title হুমায়ূন আজাদ আমার বাবা /
Statement of responsibility, etc মৌলি আজাদ,
260 ## - PUBLICATION, DISTRIBUTION, ETC. (IMPRINT)
Place of publication, distribution, etc ঢাকা :
Name of publisher, distributor, etc আগামী প্রকাশনী,
Date of publication, distribution, etc 2011
300 ## - PHYSICAL DESCRIPTION
Pagination 71 p.:
Dimensions 20 cm.
650 ## - SUBJECT ADDED ENTRY--TOPICAL TERM
Topical term or geographic name as entry element Biography
942 ## - ADDED ENTRY ELEMENTS (KOHA)
Source of classification or shelving scheme Dewey Decimal Classification
Koha item type Books
Holdings
Source of classification or shelving scheme Damaged status Not for loan Home library Current library Shelving location Date of accession Cost, normal purchase price Total Checkouts Full call number Barcode Date last seen Date checked out Copy number Koha item type
Dewey Decimal Classification     JCC Rouf Library JCC Rouf Library General Stacks 11/11/2024 100.00 1 923.1 AZA 2011 3198 11/11/2024 11/11/2024 C-1 Books

JCC Library | Contacts | JCC Home

Last Update on 23 September 2017
Copyright @ 2017-2020 JCC Rouf Library
Rouf Library, Jhenidah Cadet College (JCC), Bangladesh